[Event "World Senior Teams +50"]
[Site "Radebeul GER"]
[Date "2016.07.04"]
[Round "9.13"]
[Board "3"]
[White "Franke, Reiner"]
[Black "Doppelhammer, Herbert"]
[Result "1-0"]
[WhiteElo "2274"]
[BlackElo "2040"]
[WhiteTeam "Werder/BSG Bremen"]
[BlackTeam "Oberoesterreich"]
[WhiteFideId "4603680"]
[BlackFideId "1608738"]
[EventDate "2016.06.26"]

1. c4 c6 2. Nf3 d5 3. g3 Nf6 4. Bg2 e6 5. O-O Nbd7 6. b3 Bd6 7. d4 Ne4 8. Bb2 f5
9. Qc2 O-O 10. Ne1 Ndf6 11. f3 Ng5 12. Nd3 Bd7 13. Bc1 Nf7 14. Bf4 Be8 15. e3 g5
16. Bxd6 Qxd6 17. f4 g4 18. Nd2 Ne4 19. Bxe4 dxe4 20. Ne5 Nxe5 21. fxe5 Qe7 22.
c5 Rd8 23. Nc4 Qg5 24. Qf2 h5 25. Nd6 Rd7 26. Nxe4 Qh6 27. Nf6+ Rxf6 28. exf6
Qxf6 29. Qf4 Qd8 30. Rad1 Bg6 31. b4 Rd5 32. Rb1 a6 33. a4 Be8 34. Qh6 Qd7 35.
e4 Rxd4 36. exf5 exf5 37. Qg5+ Qg7 38. Qxf5 Bg6 39. Qe6+ Kh7 40. Rbd1 Re4 41.
Qd7 Re7 42. Qd6 Re4 43. Rf6 Rxb4 44. Re1 Rb1 45. Rxb1 Bxb1 46. Qe5 Ba2 47. Qxh5+ 1-0

[Event "World Senior Teams +50"]
[Site "Radebeul GER"]
[Date "2016.07.04"]
[Round "9.14"]
[Board "1"]
[White "Dietze, Frank"]
[Black "Bauer, Burkhard"]
[Result "0-1"]
[WhiteElo "2135"]
[BlackElo "2056"]
[WhiteTeam "Sachsen-Anhalt"]
[BlackTeam "SV Aufbau Bernburg"]
[WhiteFideId "4680979"]
[BlackFideId "24664553"]
[EventDate "2016.06.26"]

1. d4 f5 2. g3 Nf6 3. Nf3 g6 4. Bg2 Bg7 5. O-O O-O 6. b3 d6 7. Bb2 a5 8. c4 Na6
9. Nbd2 c6 10. Qc2 Nc7 11. Ne1 Qe8 12. Nd3 Qf7 13. Rad1 h6 14. f3 Nh7 15. e4 e6
16. c5 d5 17. Ne5 Bxe5 18. dxe5 Kg7 19. Nb1 Na6 20. Bd4 Rg8 21. Qd2 Nc7 22. Nc3
Nf8 23. Na4 Nd7 24. Rc1 Nb5 25. Ba1 Qe7 26. Rf2 Rd8 27. Bf1 dxe4 28. Bxb5 cxb5
29. Nb6 Nxb6 30. Qd6 Nd5 31. fxe4 Kf7 32. exd5 Rxd6 33. exd6 Qg5 34. Re1 Bd7 35.
dxe6+ Bxe6 36. Be5 Re8 37. Ree2 Qd8 38. h4 Qc8 39. Bd4 Qc6 40. Re5 g5 41. g4
gxh4 42. Rfe2 Rg8 43. Rxe6 Rxg4+ 44. Kf2 Rxd4 45. Rxh6 Rf4+ 46. Ke1 Re4 47. Rh7+
Kg6 48. Re7 Rxe2+ 49. Rxe2 f4 50. Rd2 Qd7 51. Kf2 Kg5 52. a3 Kg4 53. b4 axb4 54.
axb4 h3 55. Kg1 Kg3 56. Rd3+ f3 57. Kh1 Qg7 58. Rd1 h2 59. d7 Qb2 0-1

[Event "World Senior Teams +50"]
[Site "Radebeul GER"]
[Date "2016.07.04"]
[Round "9.14"]
[Board "3"]
[White "Katz, Roland"]
[Black "Wagner, Bernd2"]
[Result "1/2-1/2"]
[WhiteElo "2057"]
[BlackElo "1935"]
[WhiteTeam "Sachsen-Anhalt"]
[BlackTeam "SV Aufbau Bernburg"]
[WhiteFideId "4623916"]
[BlackFideId "24601721"]
[EventDate "2016.06.26"]

1. e4 d5 2. exd5 Qxd5 3. c4 Qa5 4. Nc3 c6 5. d4 Nf6 6. Nf3 Bg4 7. Be2 Nbd7 8.
O-O g6 9. Be3 Bg7 10. Qd2 O-O 11. b4 Qd8 12. Rad1 e6 13. Bh6 Qe7 14. Bxg7 Kxg7
15. Qb2 Kg8 16. Rfe1 Nb6 17. Ne5 Bxe2 18. Rxe2 Qc7 19. Ne4 Nxe4 20. Rxe4 Rad8
21. Qc3 Nd7 22. Ng4 f5 23. Nh6+ Kg7 24. Rh4 Nf6 1/2-1/2

[Event "World Senior Teams +50"]
[Site "Radebeul GER"]
[Date "2016.07.04"]
[Round "9.14"]
[Board "4"]
[White "Lehmann, Peter"]
[Black "Domaske, Andreas"]
[Result "1-0"]
[WhiteElo "2037"]
[BlackElo "1946"]
[WhiteTeam "SV Aufbau Bernburg"]
[BlackTeam "Sachsen-Anhalt"]
[WhiteFideId "24630047"]
[BlackFideId "24666319"]
[EventDate "2016.06.26"]

1. e4 Nc6 2. d4 d5 3. Nc3 dxe4 4. d5 Ne5 5. Bf4 Ng6 6. Bg3 f5 7. Nh3 e5 8. dxe6
Qxd1+ 9. Rxd1 Bb4 10. Bxc7 Bxe6 11. Bb5+ Ke7 12. Ng5 Bxa2 13. O-O Bxc3 14. bxc3
a6 15. Bd7 Kf6 16. f4 Nh6 17. Bb6 Bc4 18. Bd4+ Ke7 19. Bc5+ Kd8 20. Be6+ Bd3 21.
Bd4 b5 22. Bb3 Rc8 23. cxd3 1-0

[Event "World Senior Teams +50"]
[Site "Radebeul GER"]
[Date "2016.07.04"]
[Round "9.15"]
[Board "1"]
[White "Gempe, Thomas"]
[Black "Gempe, Anet"]
[Result "1/2-1/2"]
[WhiteTitle "FM"]
[BlackTitle "WFM"]
[WhiteElo "2206"]
[BlackElo "2001"]
[WhiteTeam "Schachfreunde Leipzig 50+"]
[BlackTeam "Germany 2 Women"]
[WhiteFideId "4615638"]
[BlackFideId "4618114"]
[EventDate "2016.06.26"]

1. d4 d5 2. c4 e6 3. g3 Nf6 4. Bg2 Be7 5. Nf3 O-O 6. cxd5 exd5 7. O-O b6 8. Nc3
Bb7 9. Bf4 c6 10. Rc1 Nbd7 1/2-1/2

[Event "World Senior Teams +50"]
[Site "Radebeul GER"]
[Date "2016.07.04"]
[Round "9.15"]
[Board "2"]
[White "Skibbe, Diana"]
[Black "Pruefer, Friedbert"]
[Result "1/2-1/2"]
[WhiteTitle "WFM"]
[WhiteElo "2071"]
[BlackElo "2165"]
[WhiteTeam "Germany 2 Women"]
[BlackTeam "Schachfreunde Leipzig 50+"]
[WhiteFideId "4612698"]
[BlackFideId "24699772"]
[EventDate "2016.06.26"]

1. e4 d6 2. d4 Nf6 3. Nc3 g6 4. f4 Bg7 5. Nf3 O-O 6. Bd3 Nc6 7. e5 dxe5 8. dxe5
Nd5 9. Bd2 f6 10. Qe2 Nb6 11. O-O-O Bg4 1/2-1/2

[Event "World Senior Teams +50"]
[Site "Radebeul GER"]
[Date "2016.07.04"]
[Round "9.15"]
[Board "3"]
[White "Teichgraeber, Michael"]
[Black "Beltz, Martina"]
[Result "0-1"]
[BlackTitle "WIM"]
[WhiteElo "2081"]
[BlackElo "2053"]
[WhiteTeam "Schachfreunde Leipzig 50+"]
[BlackTeam "Germany 2 Women"]
[WhiteFideId "4683129"]
[BlackFideId "4612485"]
[EventDate "2016.06.26"]

1. c4 Nf6 2. Nc3 e6 3. g3 d5 4. Bg2 c6 5. Nf3 d4 6. Nb1 Be7 7. d3 O-O 8. Bd2 a5
9. O-O Na6 10. Na3 Bxa3 11. bxa3 Qd6 12. Bxa5 Qxa3 13. Qd2 Qd6 14. Rfb1 e5 15.
Ne1 Re8 16. f3 h5 17. Qg5 Nh7 18. Qd2 h4 19. e4 dxe3 20. Qxe3 hxg3 21. hxg3 Nf6
22. Nc2 Nh5 23. Be1 Qg6 24. f4 Bf5 25. fxe5 Bxd3 26. Rxb7 Bxc2 27. Rb6 Nb8 28.
Bf2 Qd3 29. Qg5 Qf5 30. Qxf5 Bxf5 31. Bf3 Bg6 32. Rxc6 Ra3 33. Bxh5 Nxc6 0-1

[Event "World Senior Teams +50"]
[Site "Radebeul GER"]
[Date "2016.07.04"]
[Round "9.15"]
[Board "4"]
[White "Kierzek, Mira"]
[Black "Schober, Ralf"]
[Result "1/2-1/2"]
[WhiteTitle "WFM"]
[WhiteElo "2003"]
[BlackElo "2029"]
[WhiteTeam "Germany 2 Women"]
[BlackTeam "Schachfreunde Leipzig 50+"]
[WhiteFideId "15002110"]
[BlackFideId "4673140"]
[EventDate "2016.06.26"]

1. d4 Nf6 2. c4 e5 3. dxe5 Ng4 4. Bf4 Nc6 5. Nf3 Bb4+ 6. Nc3 Qe7 7. e3 Ncxe5 8.
Nxe5 Nxe5 9. Rc1 O-O 10. Be2 d6 11. O-O Bxc3 12. Rxc3 a5 13. Qc2 b6 14. Bg3 Bb7
15. f3 h6 16. e4 Nd7 17. Re1 Rfe8 18. Bf1 Bc6 19. Rce3 Qf8 20. b3 Bb7 21. Qd2
Bc6 22. Bd3 g6 23. Bb1 Qg7 24. f4 Re7 25. e5 dxe5 26. fxe5 Nc5 27. Qc2 Ne6 28.
Qc3 Rae8 29. a3 Rd7 30. b4 axb4 31. axb4 Red8 32. Rd3 Qf8 33. Red1 Rxd3 34. Rxd3
Rxd3 35. Bxd3 Qd8 36. Kf2 Qa8 37. Bf1 Qa2+ 38. Kg1 Qb1 39. Qd2 g5 40. Kf2 Qf5+
41. Kg1 1/2-1/2

[Event "World Senior Teams +50"]
[Site "Radebeul GER"]
[Date "2016.07.04"]
[Round "9.16"]
[Board "1"]
[White "Mueller, Michael1"]
[Black "Scheuermann, Bernhard"]
[Result "1-0"]
[WhiteTitle "FM"]
[WhiteElo "2244"]
[BlackElo "2229"]
[WhiteTeam "Stiftung BSW / DBAG II"]
[BlackTeam "SV Dresden-Striesen 1990 e.V."]
[WhiteFideId "4622081"]
[BlackFideId "16203283"]
[EventDate "2016.06.26"]

1. d4 d5 2. Nf3 Nf6 3. g3 e6 4. Bg2 Be7 5. c4 O-O 6. O-O dxc4 7. Ne5 Nd5 8. Nxc4
c5 9. e4 Nb6 10. Nxb6 Qxb6 11. d5 exd5 12. exd5 Bf5 13. Nc3 Nd7 14. Re1 Bd6 15.
b3 Rfe8 16. Be3 a6 17. Rc1 Qc7 18. Na4 b6 19. Nb2 Ne5 20. h3 b5 21. f4 Nd7 22.
Qd2 Nf6 23. Nd3 Bxd3 24. Qxd3 Rac8 25. Kh2 c4 26. bxc4 bxc4 27. Qd4 Qa5 28. Re2
Bc5 29. Qxc4 Nd7 30. Bxc5 Rxe2 31. Qxe2 Rxc5 32. Qe8+ Nf8 33. Rxc5 Qxc5 34. a4
a5 35. h4 g6 36. Kh3 h5 37. Kh2 Qb6 38. Qe4 Qb4 39. Qxb4 axb4 40. d6 b3 41. Be4
Nd7 42. a5 Kf8 43. a6 Nb6 44. f5 gxf5 45. Bxf5 Ke8 46. a7 1-0

[Event "World Senior Teams +50"]
[Site "Radebeul GER"]
[Date "2016.07.04"]
[Round "9.16"]
[Board "2"]
[White "Arenhoevel, Mark"]
[Black "Stahr, Ralf-Peter"]
[Result "0-1"]
[WhiteElo "2090"]
[BlackElo "2018"]
[WhiteTeam "SV Dresden-Striesen 1990 e.V."]
[BlackTeam "Stiftung BSW / DBAG II"]
[WhiteFideId "4684540"]
[BlackFideId "4661745"]
[EventDate "2016.06.26"]

1. c4 c5 2. Nc3 Nc6 3. g3 Nf6 4. Bg2 e6 5. Nf3 d5 6. cxd5 Nxd5 7. O-O Be7 8.
Nxd5 Qxd5 9. d3 O-O 10. a3 Bf6 11. Nd2 Qd7 12. Ne4 Be7 13. Be3 b6 14. Rc1 Bb7
15. Qa4 Rfd8 16. Rfd1 Kf8 17. Nd2 Nd4 18. Qxd7 Nxe2+ 19. Kf1 Bxg2+ 20. Kxe2 Rxd7
21. f3 h5 22. Rg1 Bh3 23. g4 hxg4 24. fxg4 f5 25. gxf5 exf5 26. Nc4 Bf6 27. Bf4
b5 28. Ne3 Re8 29. Rxc5 Bd4 30. Rg3 Bg4+ 31. Rxg4 Bxc5 32. Rg3 Bxe3 33. Rxe3
Rxe3+ 34. Kxe3 Kf7 35. h4 Ke6 36. d4 Kd5 37. Kd3 Re7 0-1

[Event "World Senior Teams +50"]
[Site "Radebeul GER"]
[Date "2016.07.04"]
[Round "9.16"]
[Board "3"]
[White "Tichatschke, Wolfgang"]
[Black "Siegmund, Rainer"]
[Result "1/2-1/2"]
[WhiteElo "1975"]
[BlackElo "2087"]
[WhiteTeam "Stiftung BSW / DBAG II"]
[BlackTeam "SV Dresden-Striesen 1990 e.V."]
[WhiteFideId "4665724"]
[BlackFideId "4614321"]
[EventDate "2016.06.26"]

1. Nf3 Nf6 2. g3 e6 3. Bg2 d5 4. d3 c5 5. O-O Nc6 6. c3 Be7 7. Qc2 O-O 8. e4 d4
9. Nbd2 e5 10. Ne1 Bd6 11. Nc4 b5 12. Nxd6 Qxd6 13. f4 Ba6 14. Nf3 Nd7 15. fxe5
Ndxe5 16. Nxe5 Nxe5 17. Bf4 f6 18. Rae1 Rac8 19. Bh3 1/2-1/2

[Event "World Senior Teams +50"]
[Site "Radebeul GER"]
[Date "2016.07.04"]
[Round "9.16"]
[Board "4"]
[White "Lehmann, Wolfgang"]
[Black "Schneider, Karl-Heinz"]
[Result "1-0"]
[WhiteElo "2048"]
[BlackElo "1975"]
[WhiteTeam "SV Dresden-Striesen 1990 e.V."]
[BlackTeam "Stiftung BSW / DBAG II"]
[WhiteFideId "16212908"]
[BlackFideId "24675300"]
[EventDate "2016.06.26"]

1. d4 d5 2. c4 e6 3. Nc3 Nf6 4. Bg5 Nbd7 5. e3 c6 6. Nf3 Bb4 7. Qb3 Qa5 8. Rc1
Ne4 9. Bf4 O-O 10. Bd3 dxc4 11. Bxc4 Nb6 12. Bd3 Nxc3 13. bxc3 Be7 14. O-O Nd5
15. Bg3 b6 16. Ne5 Bb7 17. Nc4 Qa6 18. Qb1 Nf6 19. Nd6 b5 20. c4 Nh5 21. cxb5
cxb5 22. Nxb7 Nxg3 23. hxg3 Qxb7 24. Bxh7+ Kh8 25. Be4 Qd7 26. Bxa8 Rxa8 27. Qe4
Rb8 28. Rc6 a5 29. Rfc1 b4 30. Rc7 Qd8 31. Qc6 Kh7 32. Rd7 Qf8 33. Qc7 Re8 34.
Qxa5 Bf6 35. Qc7 Kg8 36. Qc4 Ra8 37. Rc7 Bd8 38. Rc8 Ra3 39. Qc5 Qe8 40. Qxb4
Rxa2 41. Qb8 1-0

[Event "World Senior Teams +50"]
[Site "Radebeul GER"]
[Date "2016.07.04"]
[Round "9.17"]
[Board "1"]
[White "Hedin, Gunnar"]
[Black "Nake, Matthias"]
[Result "1/2-1/2"]
[WhiteElo "2171"]
[BlackElo "2217"]
[WhiteTeam "Sweden"]
[BlackTeam "SG Gruen-Weiss Dresden"]
[WhiteFideId "1712381"]
[BlackFideId "24653861"]
[EventDate "2016.06.26"]

1. b3 e5 2. Bb2 Nc6 3. e3 a6 4. Nf3 e4 5. Ne5 Nf6 6. Nxc6 dxc6 7. Be2 Bf5 8. f3
Bb4 9. O-O Be7 10. fxe4 Bxe4 11. d3 Bg6 12. e4 O-O 13. Nd2 c5 14. Nc4 Nd7 15.
Bg4 Rb8 16. a4 b5 17. axb5 axb5 18. Bxd7 Qxd7 19. Ne5 Qe6 20. Nxg6 hxg6 21. Qf3
Bf6 22. Rab1 Bd4+ 1/2-1/2

[Event "World Senior Teams +50"]
[Site "Radebeul GER"]
[Date "2016.07.04"]
[Round "9.17"]
[Board "2"]
[White "Hutschenreiter, Joerg"]
[Black "Wademark, Helge"]
[Result "1-0"]
[WhiteElo "2002"]
[BlackElo "2067"]
[WhiteTeam "SG Gruen-Weiss Dresden"]
[BlackTeam "Sweden"]
[WhiteFideId "24669172"]
[BlackFideId "1701606"]
[EventDate "2016.06.26"]

1. d4 d5 2. c4 c6 3. Nf3 Nf6 4. Qc2 g6 5. Bf4 Bg7 6. e3 Bf5 7. Bd3 Bxd3 8. Qxd3
Nbd7 9. Nbd2 Rc8 10. h3 O-O 11. O-O c5 12. b3 Qa5 13. Rac1 Rfd8 14. Rfd1 Qa6 15.
Qb1 cxd4 16. exd4 b6 17. Re1 e6 18. Bg5 Re8 19. Ne5 Qb7 20. Ndf3 Ne4 21. Bf4
Ndf6 22. Ng5 Nh5 23. Nxe4 dxe4 24. Bh2 f5 25. c5 Qd5 26. Red1 Bh6 27. Rc4 Nf4
28. Qc2 bxc5 29. Rxc5 Rxc5 30. Qxc5 Rd8 31. Qc7 Nh5 32. Qxa7 e3 33. Nf7 exf2+
34. Kxf2 Rd7 35. Nxh6+ Kg7 36. Qb8 Kxh6 37. Qf8+ Kg5 38. Qb4 Kh6 39. Be5 Qc6 40.
Qd2+ g5 41. h4 f4 42. hxg5+ Kxg5 43. Rc1 Qe4 44. Qe2 Qf5 45. Rc5 Rd5 46. Rc7 Ng3
47. Qc2 Qxc2+ 48. Rxc2 Nf5 49. Rc5 Rd8 50. Kf3 Nh4+ 51. Ke4 Nxg2 52. Bc7+ Rd5
53. Rxd5+ exd5+ 54. Kf3 Nh4+ 55. Kf2 Kg4 56. a4 Nf5 57. a5 Nxd4 58. a6 Nb5 59.
Bb6 1-0

[Event "World Senior Teams +50"]
[Site "Radebeul GER"]
[Date "2016.07.04"]
[Round "9.17"]
[Board "3"]
[White "Gromark, Per-Olof"]
[Black "Rensch, Toralf"]
[Result "1-0"]
[WhiteElo "2003"]
[BlackElo "2086"]
[WhiteTeam "Sweden"]
[BlackTeam "SG Gruen-Weiss Dresden"]
[WhiteFideId "1722433"]
[BlackFideId "12933449"]
[EventDate "2016.06.26"]

1. Nf3 b6 2. g3 Bb7 3. Bg2 e6 4. O-O c5 5. c4 Nf6 6. Nc3 Be7 7. d4 cxd4 8. Qxd4
Nc6 9. Qd2 Na5 10. b3 Bb4 11. Qc2 Rc8 12. Rd1 O-O 13. Nb5 Be4 14. Qb2 a6 15. Nd6
Bxd6 16. Rxd6 Nb7 17. Rd1 d5 18. Be3 Nc5 19. Rac1 Qe7 20. Bd4 Ncd7 21. cxd5 Bxd5
22. Ne5 Nxe5 23. Bxe5 Bxg2 24. Kxg2 Qb7+ 25. Kg1 Qe4 26. e3 Ng4 27. Bd4 b5 28.
h3 e5 29. hxg4 exd4 30. Qxd4 Qxd4 31. exd4 Rxc1 32. Rxc1 Rd8 33. Kg2 h6 34. Rd1
Kf8 35. Kf3 Ke7 36. Ke4 Kd6 37. Rc1 Re8+ 38. Kd3 Rb8 39. b4 Re8 40. a3 Rb8 41.
f3 Re8 42. f4 Rb8 43. Rc5 Re8 44. Rf5 f6 45. g5 hxg5 46. fxg5 Ke6 47. Rc5 Rh8
48. Ke4 fxg5 49. Rc6+ Kd7 50. Rg6 Re8+ 51. Kd5 1-0

[Event "World Senior Teams +50"]
[Site "Radebeul GER"]
[Date "2016.07.04"]
[Round "9.17"]
[Board "4"]
[White "Salewski, Bernd"]
[Black "Kirppo, Ronny"]
[Result "1/2-1/2"]
[WhiteElo "2004"]
[BlackElo "1823"]
[WhiteTeam "SG Gruen-Weiss Dresden"]
[BlackTeam "Sweden"]
[WhiteFideId "4655087"]
[BlackFideId "1724681"]
[EventDate "2016.06.26"]

1. d4 Nf6 2. Nc3 d5 3. Bg5 Nbd7 4. Nf3 h6 5. Bf4 c6 6. Qd3 e6 7. e4 dxe4 8. Nxe4
Nxe4 9. Qxe4 Nf6 10. Qd3 Be7 11. Be2 O-O 12. O-O Qb6 13. Qb3 Qxb3 14. axb3 Rd8
15. c3 Bd7 16. b4 Nd5 17. Bg3 Be8 18. Ra2 Bd6 19. Bxd6 Rxd6 20. Ne5 Rad8 21.
Rfa1 a6 22. Nd3 Rb8 23. g3 f6 24. Nc5 Bf7 25. Bg4 Re8 26. Re1 e5 27. dxe5 fxe5
28. Raa1 Re7 29. Re2 Nf6 30. Bf5 g6 31. Bh3 Rd8 32. f3 Bc4 33. Ree1 Rd2 34. b3
Bd5 35. Bg2 b6 36. c4 bxc5 37. cxd5 Rxd5 38. Rxa6 cxb4 39. Rxc6 Kg7 40. f4 e4
41. Rc4 Rd3 42. Rxb4 e3 43. Bf3 Nd5 44. Bxd5 Rxd5 45. Re2 Rd1+ 46. Kg2 h5 47.
Rc4 Rd3 48. b4 Rb3 49. Kf3 Kf6 50. h3 Kf7 51. Rd4 Kf6 52. Rc4 Kf7 53. g4 hxg4+
54. hxg4 Kg7 55. g5 Kf7 56. Rc6 Ra7 57. Rf6+ Kg7 58. Rxe3 Rxe3+ 59. Kxe3 Ra4 60.
Rd6 Rxb4 61. Rd4 Rb7 62. Rd5 Rb4 63. Rd7+ Kg8 64. Rd4 Rb7 65. Ke4 Re7+ 66. Kd5
Kf7 67. Kd6 Ra7 68. Ke5 Re7+ 69. Kd5 Ra7 70. Rc4 Ra5+ 71. Ke4 Ra7 72. Rc5 Re7+
73. Kd4 Rd7+ 74. Rd5 Rc7 75. Rd6 Ra7 76. Ke5 Ra5+ 77. Rd5 Ra7 78. Rc5 Rb7 79.
Rc6 Rb5+ 80. Ke4 Rb7 81. Rd6 Ra7 82. Rf6+ Kg7 83. Kf3 Ra4 84. Re6 Kf7 85. Rd6
Ra7 86. Ke4 Ra4+ 87. Ke5 Ra5+ 88. Rd5 Ra7 89. f5 gxf5 90. Kxf5 Kg7 91. Kg4 Rb7
92. Kh5 Ra7 93. Rd6 Rb7 94. Rg6+ Kh7 95. Re6 Kg7 96. Kg4 Ra7 97. Kf5 Ra5+ 98.
Re5 Rxe5+ 99. Kxe5 Kg6 100. Kf4 Kg7 101. Kf5 Kf7 102. Kg4 Kg6 103. Kf4 Kg7 104.
Ke5 1/2-1/2

[Event "World Senior Teams +50"]
[Site "Radebeul GER"]
[Date "2016.07.04"]
[Round "9.18"]
[Board "1"]
[White "Simon, Ralf-Axel"]
[Black "Rewitz, Poul"]
[Result "0-1"]
[WhiteTitle "FM"]
[BlackTitle "FM"]
[WhiteElo "2113"]
[BlackElo "2202"]
[WhiteTeam "HannoBer"]
[BlackTeam "SK 1968"]
[WhiteFideId "4603125"]
[BlackFideId "1401033"]
[EventDate "2016.06.26"]

1. Nf3 g6 2. e4 c6 3. d4 d5 4. exd5 cxd5 5. Bd3 Bg7 6. O-O Nh6 7. c4 dxc4 8.
Bxc4 O-O 9. Nc3 Bg4 10. d5 Nd7 11. Be2 Nf5 12. h3 Bxf3 13. Bxf3 Nd4 14. Be4 Nc5
15. Bb1 e5 16. dxe6 Ncxe6 17. Be4 Qd7 18. Be3 Rad8 19. f4 Rfe8 20. Re1 b5 21.
Nd5 f5 0-1

[Event "World Senior Teams +50"]
[Site "Radebeul GER"]
[Date "2016.07.04"]
[Round "9.18"]
[Board "2"]
[White "Mortensen, John"]
[Black "Spiess, Thomas"]
[Result "1/2-1/2"]
[WhiteElo "2077"]
[BlackElo "1985"]
[WhiteTeam "SK 1968"]
[BlackTeam "HannoBer"]
[WhiteFideId "1409190"]
[BlackFideId "4646959"]
[EventDate "2016.06.26"]

1. e4 c5 2. Nf3 e6 3. c3 Nf6 4. e5 Nd5 5. d4 cxd4 6. cxd4 d6 7. Nc3 Nxc3 8. bxc3
Qc7 9. Bd2 Nd7 10. exd6 Bxd6 11. Bd3 Bf4 12. O-O O-O 13. Rc1 b6 14. Re1 Bb7 15.
Be4 Bxd2 16. Qxd2 Nf6 17. Bxb7 Qxb7 18. c4 Rac8 19. h3 Rc7 20. Rc2 Rfc8 21. Rec1
h6 22. Qd3 Qa6 23. Qb3 Qa5 24. Ne5 Ne4 25. Qe3 Nd6 26. Qb3 Ne4 27. Qe3 1/2-1/2

[Event "World Senior Teams +50"]
[Site "Radebeul GER"]
[Date "2016.07.04"]
[Round "9.18"]
[Board "3"]
[White "Hoffmann, Michael4"]
[Black "Boye, Niels Mollmann"]
[Result "1/2-1/2"]
[WhiteElo "1931"]
[BlackElo "1862"]
[WhiteTeam "HannoBer"]
[BlackTeam "SK 1968"]
[WhiteFideId "4694376"]
[BlackFideId "1413147"]
[EventDate "2016.06.26"]

1. d4 Nf6 2. Nf3 d5 3. e3 e6 4. Bd3 c5 5. b3 cxd4 6. exd4 h6 7. Bb2 Bd6 8. Nbd2
Nc6 9. O-O O-O 10. Ne5 Qb6 11. Ndf3 Nd7 12. Nxc6 bxc6 13. Qd2 a5 14. c4 dxc4 15.
bxc4 Be7 16. Rab1 Qd8 17. Bc3 Nf6 18. Ne5 Qc7 19. Rfe1 Ba3 20. Rbd1 Bb4 21. Bxb4
axb4 22. Rb1 1/2-1/2

[Event "World Senior Teams +50"]
[Site "Radebeul GER"]
[Date "2016.07.04"]
[Round "9.18"]
[Board "4"]
[White "David, Anton"]
[Black "Dellos, Peter"]
[Result "1/2-1/2"]
[WhiteElo "1772"]
[BlackElo "1890"]
[WhiteTeam "SK 1968"]
[BlackTeam "HannoBer"]
[WhiteFideId "1402072"]
[BlackFideId "16203291"]
[EventDate "2016.06.26"]

1. d4 Nf6 2. c4 g6 3. Nc3 Bg7 4. e4 d6 5. Be2 O-O 6. Nf3 Nbd7 7. b4 e5 8. d5 Ne8
9. Rb1 f5 10. Ng5 Ndf6 11. O-O h6 12. Ne6 Bxe6 13. dxe6 fxe4 14. Qb3 Qe7 15. c5
Rd8 16. Bc4 c6 17. cxd6 Nxd6 18. Be2 Nf5 19. a4 Nd4 20. Qa2 Nxe2+ 21. Nxe2 Rd6
22. b5 Qxe6 23. Qc2 b6 24. Ng3 c5 25. f3 exf3 26. gxf3 Nd5 27. Ne4 Rd7 28. a5
Rdf7 29. Qb3 Nf4 30. axb6 Qxb3 31. Rxb3 axb6 32. Nd6 Ne2+ 33. Kg2 Nd4 34. Re3
Rf6 35. Ne4 Re6 36. Nc3 g5 37. h3 Ra8 38. Rf2 Kh7 39. Bb2 Ra5 40. h4 Nf5 41. Rd3
Nxh4+ 42. Kg3 Nf5+ 43. Kg4 Nd4 44. Ne4 Rxb5 45. Rh2 Kg8 46. Ra3 Ra5 47. Rxa5
bxa5 48. Nxc5 Rc6 49. Ne4 Rc2 50. Rd2 Rxd2 51. Nxd2 Kf7 52. Nc4 Kg6 53. Nxa5
Nxf3 54. Kxf3 e4+ 55. Kxe4 Bxb2 56. Nc4 Bc1 57. Ne5+ Kg7 58. Kf5 h5 59. Nf3 g4
60. Nh4 Kh6 61. Ke4 Ba3 62. Nf3 Bd6 63. Ke3 g3 64. Ke2 Kg6 65. Kf1 Kf5 66. Kg2
Kf4 67. Nh2 h4 68. Nf1 Bc7 69. Nd2 Ke3 70. Nf1+ Ke2 71. Nh2 Bb6 72. Ng4 Bc7 73.
Nh6 Bf4 74. Nf5 Bg5 1/2-1/2

[Event "World Senior Teams +50"]
[Site "Radebeul GER"]
[Date "2016.07.04"]
[Round "9.19"]
[Board "1"]
[White "Baarslag, Ed"]
[Black "Weichelt, Jens"]
[Result "1-0"]
[WhiteElo "2098"]
[BlackElo "2073"]
[WhiteTeam "Oranje 2"]
[BlackTeam "Schachklub Heidenau"]
[WhiteFideId "1014285"]
[BlackFideId "4637771"]
[EventDate "2016.06.26"]

1. d4 Nf6 2. c4 g6 3. Nc3 Bg7 4. e4 d6 5. f3 O-O 6. Be3 Nc6 7. Qd2 e5 8. d5 Ne7
9. g4 c6 10. Nge2 cxd5 11. cxd5 Kh8 12. Ng3 Neg8 13. h4 h5 14. Bg5 Qa5 15. gxh5
Nxh5 16. Nxh5 gxh5 17. Nb5 Qxd2+ 18. Kxd2 f6 19. Be3 Rd8 20. Nxa7 Bh6 21. Nb5
Bxe3+ 22. Kxe3 Ra6 23. a4 Bd7 24. b3 Bxb5 25. Bxb5 Raa8 26. Rhc1 Rac8 27. Bf1
Ne7 28. Bh3 Rxc1 29. Rxc1 Ng6 30. Rc7 Nxh4 31. a5 Rb8 32. b4 Ng6 33. Rc8+ Rxc8
34. Bxc8 h4 35. Kf2 h3 36. Bxb7 Nf4 37. Kg3 1-0

[Event "World Senior Teams +50"]
[Site "Radebeul GER"]
[Date "2016.07.04"]
[Round "9.19"]
[Board "2"]
[White "Wurmb, Peter"]
[Black "Van Geffen, Ben"]
[Result "0-1"]
[WhiteElo "1993"]
[BlackElo "2114"]
[WhiteTeam "Schachklub Heidenau"]
[BlackTeam "Oranje 2"]
[WhiteFideId "16203305"]
[BlackFideId "1009370"]
[EventDate "2016.06.26"]

1. d4 Nf6 2. Nf3 c5 3. e3 g6 4. Bd3 Bg7 5. O-O O-O 6. c4 cxd4 7. exd4 d5 8. c5
b6 9. cxb6 Qxb6 10. h3 Nc6 11. Re1 e6 12. Bc2 Nd7 13. Nc3 Nxd4 14. Na4 Nxf3+ 15.
Qxf3 Qc6 16. Bb3 Nc5 17. Nxc5 Qxc5 18. Be3 Qb4 19. Rac1 Qb7 20. Bf4 d4 21. Qg3
Qb5 22. Bd6 Rd8 23. Rc7 Rd7 24. Rc5 Qb6 25. Rxe6 Rxd6 26. Re8+ Bf8 27. Qf3 Rf6
28. Qxa8 Qxc5 29. Rxc8 Qb4 30. Qe4 Kg7 31. Rc4 Qd2 32. Qxd4 Qe1+ 33. Kh2 Bd6+
34. g3 Be5 35. Rc1 Rxf2+ 0-1

[Event "World Senior Teams +50"]
[Site "Radebeul GER"]
[Date "2016.07.04"]
[Round "9.19"]
[Board "4"]
[White "Weichelt, Stefan"]
[Black "Dijkstra, Matthijs"]
[Result "0-1"]
[WhiteElo "1980"]
[BlackElo "2034"]
[WhiteTeam "Schachklub Heidenau"]
[BlackTeam "Oranje 2"]
[WhiteFideId "12975397"]
[BlackFideId "1046985"]
[EventDate "2016.06.26"]

1. e4 c6 2. d4 d5 3. exd5 cxd5 4. Nf3 Nc6 5. c3 Nf6 6. Bd3 Bg4 7. h3 Bxf3 8.
Qxf3 g6 9. O-O Bg7 10. Re1 O-O 11. Nd2 e5 12. dxe5 Re8 13. Bb5 Nxe5 14. Qd1 Re6
15. Kf1 a6 16. Be2 Qd6 17. f4 Ned7 18. g3 Rae8 19. Nf3 Ne4 20. Kg2 Bxc3 0-1